[Event "VIE-chB"]
[Site "Ba Dinh"]
[Date "2018.11.28"]
[Round "1"]
[White "Tran, Quoc Phu"]
[Black "Dang, Hoang Son"]
[Result "0-1"]
[WhiteElo "1719"]
[BlackElo "2334"]
[PlyCount "74"]
[EventDate "2018.11.28"]
[EventType "swiss"]
[EventRounds "9"]
[EventCountry "VIE"]
[SourceTitle "EXT 2021"]
[Source "ChessBase"]
[SourceDate "2020.10.23"]
[SourceVersion "1"]
[SourceVersionDate "2020.10.23"]
[SourceQuality "1"]

1. e4 g6 2. d4 Bg7 3. Nc3 a6 4. a4 b6 5. g3 Bb7 6. Bg2 Nf6 7. Nge2 d6 8. 0-0 Nbd7 9. Be3 c5 10. d5 Ne5 11. f4 Nc4 12. Bf2 Nxb2 13. Qb1 Nc4 14. Qa2 Na5 15. Rab1 Nd7 16. Nd1 0-0 17. Be1 Qc7 18. c4 e6 19. e5 Rab8 20. Bxa5 bxa5 21. exd6 Qxd6 22. Rxb7 Rxb7 23. dxe6 Rb4 24. exd7 Qxd7 25. Bd5 Rxa4 26. Qc2 Ra3 27. Ndc3 Qe7 28. Kg2 Rb8 29. f5 Kh8 30. fxg6 fxg6 31. Rb1 Rxb1 32. Qxb1 Bxc3 33. Qb8+ Kg7 34. Nf4 Ra2+ 35. Kh3 Be5 36. Qg8+ Kh6 37. Ne6 Qf6 0-1